000 00335nam a22001457a 4500
008 250709b ||||| |||| 00| 0 eng d
020 _a9789992766750
041 _aSHQIP
080 _21999
_a001
082 _a001
100 _a1
101 _aGJUHE DHE LETERSI
245 _aNOVELA TE ZGJEDHURA
_cF.M.DOSTOJEVSKI
942 _2udc
_cBK
999 _c60735
_d60735